000 00595cam a22002291 4500
001 sa 65002998
003 DLC
005 20260227112120.0
008 900129s1960 ii b 000 0 maro
010 _asa 65002998
035 _a(OCoLC)20968835
040 _aDLC
_cWaU
_dDLC
042 _apremarc
043 _aa-ii---
050 0 0 _aDS485.M34
_bA476
110 1 _aMaharashtra (India).
_bDirectorate of Publicity.
245 1 0 _aMahārāshṭra Rājya paricaya.
260 _c[1960]
300 _a6, 132 p.
_bfold. map.
_c25 cm.
500 _aIn Marathi.
651 0 _aMaharashtra (India)
999 _c62911
_d62911